000 00699nam a2200157 a 4500
005 20140414093841.0
008 071030s19uu xx uuu eng d
050 _aDVD 790
_bGIM
245 _aGimme kudos.
260 _aChina :
_bCentre of International Cultural Exchange, China for.
300 _a1 videodisk (95 min.) ; sd. co
520 _aOn a rainy evenig a peasant worker, Yang Hongqi, happens uppon and saves a university student, Ouyang Hua, from being raped. In order to make his father's dying wish come true, he pursues a newspaper journalist, hoping that the journalist will commend his good deed in print.
650 _aCultural Center of China
942 _cAVM
999 _c109307
_d109307